000 00670nam a2200193 4500
001 137075
003 ES-MaACL
005 20230906195314.0
007 t|
008 070214s1951 sp r ||||1| cat d
080 _a811.134.11'36(076)
100 1 _aSalvador, Carles.
_9102067
245 1 0 _aLliçons de gramatica valenciana amb exercicis pràctics /
_cper Carles Salvador.
260 _aValencia :
_b[s.n.],
_c1951 (
_fTip. Ortega)
300 _a208 p. ;
_c17 cm.
650 4 _aLengua catalana-
_zComunidad Valenciana-
_vGramática.
_9140926
852 _aES-MaACL
_jD-7480
_bR.31129
852 _aES-MaACL
_jE-12735
_9R.140314
_z.- Biblioteca Jacinto Martínez Lacalle
999 _c137075
_d137075